[Event "Let's Play Chess!"]
[Site "http://www.queenalice.com/game.php?id=530968"]
[Date "2009.1.28"]
[Round "-"]
[White "Saru"]
[Black "windsweptthumb"]
[Result "0-1"]
[WhiteElo "1300"]
[BlackElo "2087"]

1. e4 c6 2. Qh5 Nf6 3. Qe5 d6 4. Qd4 e5 5. Qa4 Nbd7 6. d3 Be7 7. Be3 Nb6 8. Qa3
d5 9. Nc3 Bxa3 10. bxa3 O-O 11. a4 d4 12. Bxd4 Qxd4 13. Nge2 Qd6 14. a5 Nbd7 15.
Rb1 Re8 16. g3 Nf8 17. Bg2 Bg4 18. f3 Bh5 19. Kd2 Qd7 20. h4 h6 21. Na4 Ne6 22.
c3 Red8 23. d4 exd4 24. Nc5 Nxc5 25. Kc2 d3+ 26. Kd2 dxe2+ 27. Kxe2 Qd2+ 28. Kf1
Qxa2 29. Re1 Rd2 30. Bh3 Rad8 31. g4 Rd1 32. Rxd1 Rxd1# 0-1

[Event "Let's Play Chess!"]
[Site "http://www.queenalice.com/game.php?id=531521"]
[Date "2009.1.29"]
[Round "-"]
[White "CampbellMarcel"]
[Black "windsweptthumb"]
[Result "0-1"]
[WhiteElo "1774"]
[BlackElo "2107"]

1. e4 e5 2. f4 exf4 3. Nf3 d6 4. d4 Bg4 5. Bxf4 Nf6 6. Bd3 Nc6 7. c3 Be7 8. h3
Bh5 9. d5 Ne5 10. Bxe5 Bxf3 11. Qxf3 dxe5 12. Bb5+ Nd7 13. O-O f6 14. Qf5 a6 15.
Bxd7+ Qxd7 16. Qxd7+ Kxd7 17. Nd2 b5 18. b4 c6 19. a3 cxd5 20. exd5 Rac8 21. Ne4
Rc4 22. Rfe1 Rhc8 23. d6 Bxd6 24. Nxd6 Kxd6 25. Rad1+ Ke6 26. Re3 Rxc3 0-1

[Event "Let's Play Chess!"]
[Site "http://www.queenalice.com/game.php?id=531522"]
[Date "2009.1.29"]
[Round "-"]
[White "windsweptthumb"]
[Black "CampbellMarcel"]
[Result "1-0"]
[WhiteElo "2104"]
[BlackElo "1759"]

1. e4 e6 2. d4 c5 3. d5 exd5 4. exd5 Nf6 5. c4 Qe7+ 6. Be2 d6 7. h3 Bf5 8. Nf3
h6 9. O-O Nbd7 10. Re1 Ne4 11. Bd3 Ndf6 12. Nc3 O-O-O 13. Nxe4 Nxe4 14. Nd2 Nxf2
15. Rxe7 Nxd1 16. Bxf5+ Kb8 17. Re1 Nxb2 18. Bxb2 1-0

[Event "Let's Play Chess!"]
[Site "http://www.queenalice.com/game.php?id=531537"]
[Date "2009.1.29"]
[Round "-"]
[White "windsweptthumb"]
[Black "lekobr"]
[Result "0-1"]
[WhiteElo "2077"]
[BlackElo "1812"]

1. e4 e5 2. Nf3 Nc6 3. Bb5 a6 4. Ba4 Nf6 5. O-O b5 6. Bb3 d6 7. Re1 Na5 8. c3
Nxb3 9. axb3 c5 10. d4 Qc7 11. h3 Be7 12. Bg5 h6 13. Bh4 g5 14. Bg3 Bb7 15. d5
O-O 16. Nbd2 Nh5 17. Bh2 Nf6 18. Nf1 Kg7 19. Ng3 Kg6 20. Nf5 Nh5 21. Qd2 Rh8 22.
g4 Ng7 0-1

[Event "Let's Play Chess!"]
[Site "http://www.queenalice.com/game.php?id=531538"]
[Date "2009.1.29"]
[Round "-"]
[White "lekobr"]
[Black "windsweptthumb"]
[Result "1-0"]
[WhiteElo "1839"]
[BlackElo "2050"]

1. e4 c6 2. d4 d5 3. exd5 cxd5 4. c4 Nf6 5. Nc3 Nc6 6. Nf3 Bg4 7. cxd5 Nxd5 8.
Bb5 e6 9. O-O Be7 10. h3 Bh5 11. g4 Bg6 12. Bxc6+ bxc6 13. Qa4 Qc7 14. Re1 O-O
15. Ne5 c5 16. Nxg6 fxg6 17. Rxe6 Bh4 18. Re2 Nf4 19. Bxf4 Qxf4 20. Rf1 cxd4 21.
Nd5 1-0

[Event "Let's Play Chess!"]
[Site "http://www.queenalice.com/game.php?id=531857"]
[Date "2009.1.30"]
[Round "-"]
[White "Edivanderson"]
[Black "windsweptthumb"]
[Result "0-1"]
[WhiteElo "1135"]
[BlackElo "2110"]

1. e4 c6 2. e5 d6 3. Qh5 dxe5 4. Qxe5 Nd7 5. Qd4 Ngf6 6. g4 e6 7. g5 Nd5 8. c4
Ne7 9. Nf3 Nf5 10. Qc3 Bd6 11. c5 Bxc5 12. Bh3 O-O 13. Bxf5 exf5 14. Ne5 Re8 15.
f4 Bd6 16. d4 c5 17. Qc4 Qe7 18. dxc5 Bxc5 19. Qd5 Nxe5 20. fxe5 Bd6 21. Bf4
Bxe5 22. Bxe5 Qxe5+ 23. Qxe5 Rxe5+ 24. Kf2 Bd7 25. Rd1 Bc6 26. Kg3 Rae8 27. Nc3
b5 28. Rd6 R5e6 29. Rad1 b4 30. Nd5 Rxd6 0-1

[Event "Let's Play Chess!"]
[Site "http://www.queenalice.com/game.php?id=533266"]
[Date "2009.2.1"]
[Round "-"]
[White "windsweptthumb"]
[Black "newblockader"]
[Result "0-1"]
[WhiteElo "2026"]
[BlackElo "1796"]

1. e4 e5 2. Nf3 Nc6 3. Bb5 Bc5 4. Nxe5 Nxe5 5. d4 Nd3+ 6. Qxd3 Bb6 7. c3 Ne7 8.
O-O O-O 9. Bc4 Ng6 10. Be3 c6 11. Bb3 d5 12. exd5 cxd5 13. Nd2 Bc7 14. Bc2 Qd6
15. f4 f5 16. g3 Ne7 17. Nf3 h6 18. Ne5 Ng6 19. Rae1 Qe6 20. Bd2 Nxe5 21. fxe5
Qg6 22. Rf4 Bd7 23. Ref1 Qa6 24. Qxa6 bxa6 25. Bxf5 Bxf5 26. Rxf5 a5 27. Rxf8+
Rxf8 28. Rxf8+ Kxf8 29. Kf2 a4 30. Ke3 g5 31. g4 Ke7 32. Kd3 Ke6 33. c4 a5 34.
b4 axb4 35. Bxb4 dxc4+ 36. Kxc4 Bxe5 37. dxe5 Kxe5 38. Kb5 Kf4 39. Kxa4 Kxg4 0-1

[Event "AUTO-OPEN-1430"]
[Site "http://www.queenalice.com/game.php?id=535207"]
[Date "2009.2.5"]
[Round "1"]
[White "windsweptthumb"]
[Black "nelson_cxc"]
[Result "0-1"]
[WhiteElo "1953"]
[BlackElo "1546"]

1. e4 e6 2. d4 d5 3. Nd2 Nf6 4. e5 Nfd7 5. f4 c5 6. c3 Nc6 7. Ngf3 Qb6 8. Nb3 c4
9. Nbd2 Be7 10. Be2 f6 11. Nf1 fxe5 12. fxe5 O-O 13. Ng3 Kh8 14. Qc2 Rxf3 15.
Bxf3 Bh4 16. O-O Ndxe5 0-1

[Event "AUTO-OPEN-1430"]
[Site "http://www.queenalice.com/game.php?id=535208"]
[Date "2009.2.5"]
[Round "1"]
[White "nelson_cxc"]
[Black "windsweptthumb"]
[Result "1-0"]
[WhiteElo "1576"]
[BlackElo "1923"]

1. e4 c6 2. d4 d5 3. Nd2 dxe4 4. Nxe4 Bf5 5. Ng3 Bg6 6. f4 e6 7. Qe2 Be7 8. Nf3
Nd7 9. Be3 h6 10. Qd2 Ngf6 11. Bd3 Bxd3 12. Qxd3 Nd5 13. O-O-O N7b6 14. a3 Nc4
15. Qxc4 1-0

[Event "AUTO-OPEN-1430"]
[Site "http://www.queenalice.com/game.php?id=535209"]
[Date "2009.2.5"]
[Round "1"]
[White "windsweptthumb"]
[Black "geraldo"]
[Result "0-1"]
[WhiteElo "1810"]
[BlackElo "1543"]

1. e4 e5 2. Nf3 Nc6 3. Bb5 a6 4. Ba4 Nf6 5. O-O Nxe4 6. d4 exd4 7. Bxc6 dxc6 8.
Re1 Bf5 9. Nxd4 Bb4 10. c3 Bc5 11. Qe2 O-O 12. Nxf5 Bxf2+ 13. Kf1 Bxe1 14. Qxe1
Nd6 15. Nd4 Qf6+ 16. Qf2 Qg6 17. Bf4 Ne4 18. Qf3 Rae8 19. Nd2 c5 20. Ne2 Nxd2+
0-1

[Event "AUTO-OPEN-1430"]
[Site "http://www.queenalice.com/game.php?id=535210"]
[Date "2009.2.5"]
[Round "1"]
[White "geraldo"]
[Black "windsweptthumb"]
[Result "1-0"]
[WhiteElo "1570"]
[BlackElo "1783"]

1. e4 c6 2. d4 d5 3. exd5 cxd5 4. Bf4 Nf6 5. Nc3 e6 6. Bb5+ Bd7 7. Bxd7+ Qxd7 8.
Nf3 Nc6 9. O-O Be7 10. a3 O-O 11. b4 Rac8 12. b5 Na5 13. Ng5 b6 14. Be5 Rxc3 15.
Bxf6 Bxf6 16. Qd2 Rfc8 17. Qf4 Bxg5 18. Qxg5 h6 19. Qe5 1-0

[Event "AUTO-OPEN-1430"]
[Site "http://www.queenalice.com/game.php?id=535211"]
[Date "2009.2.5"]
[Round "1"]
[White "windsweptthumb"]
[Black "matamuff"]
[Result "0-1"]
[WhiteElo "1633"]
[BlackElo "1797"]

1. e4 b6 2. d4 Bb7 3. Bd3 g6 4. Nf3 Bg7 5. c3 d6 6. Bg5 Nd7 7. O-O Ngf6 8. Re1
O-O 9. Qd2 e5 10. Bh6 Ng4 11. Bxg7 Kxg7 12. h3 Ngf6 13. Qe3 Nh5 14. Nbd2 h6 15.
Nf1 Kh7 16. N1h2 Qe7 17. Ng4 Nf4 18. g3 Nxh3+ 19. Kh2 Ng5 20. Kg2 Kg7 21. Rh1
Rh8 22. Rh4 f6 23. Rhh1 Rh7 24. d5 Rah8 25. Nh4 h5 26. Nh2 c6 27. c4 cxd5 28.
exd5 e4 29. Bc2 Re8 30. Nf1 Nc5 0-1

[Event "AUTO-OPEN-1430"]
[Site "http://www.queenalice.com/game.php?id=535212"]
[Date "2009.2.5"]
[Round "1"]
[White "matamuff"]
[Black "windsweptthumb"]
[Result "1-0"]
[WhiteElo "1758"]
[BlackElo "1633"]

1. b3 d5 2. Bb2 Bg4 3. g3 c6 4. Bg2 Nd7 5. d4 Ngf6 6. Nd2 e6 7. Ngf3 Bb4 8. c3
Bd6 9. O-O O-O 10. Re1 e5 11. dxe5 Nxe5 12. Nd4 Qd7 13. N4f3 Bh3 14. c4 Bxg2 15.
Kxg2 Rae8 16. Nxe5 Bxe5 17. Bxe5 Rxe5 18. Nf3 Re7 19. cxd5 Nxd5 20. e3 Qg4 21.
Rc1 Rd8 22. Qe2 Re4 23. Kh1 Rde8 24. Nd2 Qxe2 25. Rxe2 R4e6 26. Nf3 Rf6 27. Kg2
h6 28. Rc4 g5 29. e4 Nb6 30. Rcc2 1-0

[Event "Let's Play Chess!"]
[Site "http://www.queenalice.com/game.php?id=536002"]
[Date "2009.2.6"]
[Round "-"]
[White "windsweptthumb"]
[Black "carina"]
[Result "1-0"]
[WhiteElo "2072"]
[BlackElo "1122"]

1. e4 d5 2. exd5 Qxd5 3. Nc3 Qd8 4. d4 h5 5. Nf3 Nf6 6. Bg5 Nh7 7. Bc4 f6 8. Be3
c6 9. Qd3 b5 10. Bb3 g5 11. O-O-O Bh6 12. Qg6+ Kd7 13. Ne5+ Kc7 14. Nf7 Qd7 15.
Nxh8 b4 16. Ne4 Bf8 17. Nc5 Qd6 18. Qxh7 a6 19. Qf7 Bh6 20. h4 Kb6 21. hxg5 a5
22. gxh6 Bg4 23. f3 Bf5 24. Ng6 Nd7 25. h7 Bxg6 26. Qxg6 e5 27. Rxh5 Nf8 28. Qh6
Nd7 29. h8=Q Nf8 30. Q8xf6 Qc7 31. dxe5 Rc8 32. Ne6+ Kb7 33. Nxc7 Nd7 34. Qxc6+
Kb8 35. Qb6+ Nxb6 36. Qxb6# 1-0

[Event "Let's Play Chess!"]
[Site "http://www.queenalice.com/game.php?id=536003"]
[Date "2009.2.6"]
[Round "-"]
[White "eagleclaws"]
[Black "windsweptthumb"]
[Result "1-0"]
[WhiteElo "1389"]
[BlackElo "1639"]

1. Nc3 e5 2. Ne4 d5 3. Nc5 Bxc5 4. a3 Nf6 5. b4 Bd6 6. h4 Bf5 7. e3 Nbd7 8. h5
Bg4 9. Be2 Bxe2 10. Qxe2 e4 11. c3 Ne5 12. f3 Nd3+ 13. Kd1 Qe7 14. Rb1 O-O 15.
Kc2 Nd7 16. g4 Nb6 17. Rh4 Qxh4 18. fxe4 dxe4 19. Qf1 Nc4 20. Qg2 Rae8 21. Kb3
b5 22. Qh3 1-0

[Event "Let's Play Chess!"]
[Site "http://www.queenalice.com/game.php?id=537079"]
[Date "2009.2.8"]
[Round "-"]
[White "windsweptthumb"]
[Black "PotatoHead"]
[Result "0-1"]
[WhiteElo "1639"]
[BlackElo "1966"]

1. e4 c5 2. Nf3 Nc6 3. Bb5 e6 4. O-O Nge7 5. c3 a6 6. Ba4 b5 7. Bc2 Bb7 8. d4
cxd4 9. cxd4 Nb4 10. Re1 Nxc2 11. Qxc2 Ng6 12. Qd3 Bb4 13. Bd2 Bxd2 14. Nbxd2
O-O 15. Qe3 d6 16. Nf1 Qb6 17. Ng3 Rac8 18. Rac1 h6 19. Nh5 Rc4 20. Rxc4 bxc4
21. Rc1 Qxb2 0-1

[Event "AUTO-OPEN-1440"]
[Site "http://www.queenalice.com/game.php?id=539777"]
[Date "2009.2.13"]
[Round "1"]
[White "windsweptthumb"]
[Black "rob0330"]
[Result "0-1"]
[WhiteElo "2001"]
[BlackElo "1774"]

1. e4 e5 2. Nf3 Nc6 3. Bb5 Nd4 4. Nxd4 exd4 5. O-O Ne7 6. d3 c6 7. Bc4 d5 8.
exd5 cxd5 9. Bb3 Nc6 10. Re1+ Be7 11. Qf3 Be6 12. a3 O-O 0-1

[Event "AUTO-OPEN-1440"]
[Site "http://www.queenalice.com/game.php?id=539778"]
[Date "2009.2.13"]
[Round "1"]
[White "rob0330"]
[Black "windsweptthumb"]
[Result "1-0"]
[WhiteElo "1799"]
[BlackElo "1976"]

1. Nf3 d5 2. g3 Bg4 3. Bg2 c6 4. c4 dxc4 5. O-O Nf6 6. Ne5 Be6 7. d3 cxd3 8.
Nxd3 Nbd7 9. Nc3 Bg4 10. h3 Bf5 11. e4 1-0

[Event "Let's Play Chess!"]
[Site "http://www.queenalice.com/game.php?id=539788"]
[Date "2009.2.13"]
[Round "-"]
[White "windsweptthumb"]
[Black "CampbellMarcel"]
[Result "0-1"]
[WhiteElo "1618"]
[BlackElo "1239"]

1. e4 d5 2. exd5 Nf6 3. Nc3 Nxd5 4. Bc4 Nxc3 5. bxc3 e6 6. d4 Bd6 7. Nf3 O-O 8.
O-O a6 9. Be3 b5 10. Bd3 Nd7 11. Qd2 Nf6 12. Bg5 Bb7 0-1